| 000 | 00598nam a2200193 i 4500 | ||
|---|---|---|---|
| 001 | 146949 | ||
| 003 | ES-MaACL | ||
| 005 | 20250512063036.0 | ||
| 008 | 070919s1974 sp |||| | spa d | ||
| 100 | 1 |
_aTrotsky, Leon, _d1879-1940 _9240350 |
|
| 245 | 1 | 0 |
_aHistoria de la Revolución rusa / _cLeon Trotsky ; [traducción, Andrés Nin]. |
| 250 | _a2ª ed. | ||
| 260 |
_aBilbao : _bZero, _c1974. |
||
| 300 |
_a2 v. ; _c20 cm. |
||
| 651 | 4 |
_aRusia- _xHistoria- _y1917-1921, Revolución. _99336 |
|
| 700 | 1 |
_aNin, Andreu. _985748 |
|
| 852 |
_aES-MaACL _jE-5909-10 |
||
| 999 |
_c146949 _d146949 |
||